On the town. Three dance episodes /

Bibliographic Details
Main Author: Bernstein, Leonard, 1918-1990
Format: Musical Score Book
Published: [Place of publication not identified] : New York, N.Y. : Jalni Publications ; Boosey & Hawkes, [1986?]
Series:Hawkes pocket scores ; no. 987.
Subjects:

MARC

Tag First Indicator Second Indicator Subfields
LEADER 00000ccm a2200000 a 4500
001 in00001233607
005 20151003063432.0
008 861104c19861968xx mub i n N/A d
019 |a 15291815  |a 22280374  |a 24403676 
028 2 2 |a 46457  |b Boosey & Hawkes 
028 3 0 |a HPS 987  |b Boosey & Hawkes 
035 |a (OCoLC)14632589 
035 |9 AGT0339AM 
040 |a NLN  |c NLN  |d SNN  |d CPL  |d OCL  |d TXA  |d UtOrBLW 
041 0 |g eng 
045 |a x4x4 
047 |a mc  |a su 
048 |a oa 
049 |a TXAM 
090 |a M1003.B566  |b O5 1986 
100 1 |a Bernstein, Leonard,  |d 1918-1990. 
240 1 0 |a On the town.  |k Selections 
245 1 0 |a On the town.  |p Three dance episodes /  |c Leonard Bernstein. 
264 1 |a [Place of publication not identified] :  |b Jalni Publications ;  |a New York, N.Y. :  |b Boosey & Hawkes,  |c [1986?] 
264 4 |c ©1968 
300 |a 1 miniature score (79 pages) ;  |c 26 cm. 
306 |a 000900 
336 |a notated music  |b ntm  |2 rdacontent 
337 |a unmediated  |b n  |2 rdamedia 
338 |a volume  |b nc  |2 rdacarrier 
490 1 |a Hawkes pocket scores ;  |v no. 987 
500 |a Musical comedy excerpts, selected by the composer "for use as a concert suite"--Notes. 
500 |a Duration: 9:00. 
505 0 |a The great lover -- Lonely town : pas de deux -- Times Square, 1944. 
500 |a Publisher's number: HPS 987. 
518 |a First performance: February 13, 1946, the composer conducting the San Francisco Orchestra. 
500 |a Program note by Leonard Bernstein, February 6, 1946. 
650 0 |a Suites (Orchestra)  |v Scores. 
650 0 |a Musicals  |v Excerpts  |v Scores. 
650 0 |a Dance music. 
650 0 |a Ballets  |v Scores. 
740 0 |a On the town. 
740 0 |a Three dance episodes. 
740 0 |a 3 dance episodes. 
740 0 |a Dance episodes. 
830 0 |a Hawkes pocket scores ;  |v no. 987. 
999 |a MARS 
999 f f |s 44f10a5b-e4c8-35b2-826b-395a7d5c57f7  |i 44f6aa43-7520-38be-825c-8b9a5ec0435a  |t 0 
952 f f |p ric  |a Texas A&M University  |b Rellis Campus  |c Joint Library Facility  |d Remote Storage  |t 0  |e M1003.B566 O5 1986  |h Library of Congress classification  |i unmediated -- volume  |m A14819512639 
998 f f |a M1003.B566 O5 1986  |t 0  |l Remote Storage